Siegler, Hans Georg, 1920-1997. Danzig. - Düsseldorf

Titel: Siegler, Hans Georg, 1920-1997. Danzig. - Düsseldorf : Droste. - 1991 [Rezension]
Verfasser:
In: Zapiski historyczne, Band 59, Heft 4 (1994), Seite 138-139
alle Artikel anzeigen
Veröffentlicht: 1994
Format: Aufsatz
Sprache: Polnisch
Kein Bild verfügbar
X
alg: 39504475
001A    $01999:12-11-16 
001B    $03025:24-05-24 $t12:35:56.000 
001D    $01999:12-11-16 
001U    $0utf8 
001X    $00 
002@    $0Aox 
003@    $0395044758 
007A    $0395044758 $aHEB 
007T    $0Herd31943 
010@    $apol 
011@    $a1994 
021A    $aSiegler, Hans Georg, 1920-1997. Danzig. - Düsseldorf $dDroste. -  1991 [Rezension] 
028A    $BVerfasser $4aut $8Zientara, Włodzimierz$Z1954- [Tp1] $944825462X 
031A    $d59 $e4 $h138-139 $j1994 
039B    $aIn $8--Abvc--. Zapiski historyczne. - Toruń {[u.a.] : TNT, 1956-. - ISSN 0044-1791 $x199400000590004862 $904810552X 
039T    $8--Aau--Siegler, Hans Georg$Z1920-1997 [Tp3]. Danzig. - Düsseldorf : Droste, 1991. - 489 S.. - Ill.. - ISBN 3-7700-0884-7 $901317777X 
045F    $a900.94382 $eDDC23BSB 
045F/01 $a900 
045F/03 $g4382 
045F/03 $g43832 

lok: 39504475 78

exp: 39504475 78 1 #EPN
201B/01 $018-11-16 $t13:34:33.000 
201U/01 $0utf8 
203@/01 $0791343367 
208@/01 $a12-11-16 $be 
209A/01 $a/ $f000 $x00 
220C/01 $aTitelaufnehmer: ra 
244Z/01 $2Trx $#Prusy Wschodnie i Zachodnie $8--Trx--Ost- und Westpreußen $x01 $939113373X 
244Z/01 $2Trx $#arvustused $#recenzijos $#Reviews $#recenziók $#recenzje $#recenzie $#recenze $8--Trx--Rezensionen $x02 $9391357441 
247C/01 $82080>Marburg/Lahn, Herder-Institut, Forschungsbibliothek, Bibliographieportal $9336309341
LEADER 00000caa a22000002c 4500
001 395044758
003 DE-603
005 20240524123556.0
007 tu
008 161112s1994 xx |||| | u00||u|pol c
035 |a (DE-599)HEB395044758 
040 |a DE-603  |b ger  |c DE-603  |d DE-603 
041 |a pol 
082 0 4 |8 1\u  |a 900.94382  |q DE-101  |2 23/BSB 
085 |8 1\u  |b 900 
085 |8 1\u  |z 2  |s 4382 
085 |8 1\u  |z 2  |s 43832 
100 1 |a Zientara, Włodzimierz  |d 1954-  |e Verfasser  |4 aut  |0 (DE-603)44825462X  |0 (DE-588)1185450408  |2 gnd 
245 0 0 |a Siegler, Hans Georg, 1920-1997. Danzig. - Düsseldorf  |b Droste. - 1991 [Rezension] 
264 0 |c 1994 
773 0 8 |i In  |t Zapiski historyczne  |d Toruń ˜[u.a.] œ: TNT, 1956-  |x 0044-1791  |g Band 59, Heft 4 (1994), Seite 138-139  |w (DE-603)04810552X  |w (DE-600)860296-7 
787 0 8 |i Rezension von  |a Siegler, Hans Georg, 1920-1997  |t Danzig  |d Düsseldorf : Droste, 1991  |h 489 S., Ill.  |z 3770008847  |w (DE-603)01317777X 
924 0 |9 2080  |a (DE-603)791343367  |b DE-2080  |c HES  |d d  |g /